Statistics for Pozivni brojevi Hrvatske

Click here to take the quiz!

General Stats

  • This quiz has been taken 8 times
  • The average score is 7 of 20

Answer Stats

HintAnswer% Correct
Grad Zagreb i Zagrebačka županija01
75%
Zadarska županija023
63%
Splitsko-dalmatinska županija021
50%
Šibensko-kninska županija022
50%
Karlovačka županija047
50%
Dubrovačko-neretvanska županija020
38%
Osječko-baranjska županija031
38%
Vukovarsko-srijemska županija032
38%
Brodsko-posavska županija035
38%
Bjelovarsko-bilogorska županija043
38%
Sisačko-moslavačka županija044
38%
Istarska županija052
38%
Virovitičko-podravska županija033
25%
Međimurska županija040
25%
Varaždinska županija042
25%
Krapinsko-zagorska županija049
25%
Primorsko-goranska županija051
25%
Ličko-senjska županija053
25%
Požeško-slavonska županija034
13%
Koprivničko-križevačka županija048
13%

Score Distribution

Percentile by Number Answered

Percent of People with Each Score

Your Score History

You have not taken this quiz